[Event "Oberliga Ost A 2016 2017"]
[Site "Germany"]
[Date "2017.03.19"]
[Round "8.2"]
[White "Puls, Thomas"]
[Black "Pulpan, Jakub"]
[Result "1-0"]
[WhiteElo "2208"]
[BlackElo "2337"]
[PlyCount "85"]
[EventDate "2016.10.16"]
[EventType "team-tourn"]
[EventCountry "GER"]
[WhiteTeam "Halle USV"]
[BlackTeam "Aue ESV Nickelhuette II"]
[WhiteTeamCountry "GER"]
[BlackTeamCountry "GER"]

1. e4 c5 2. Nf3 d6 3. Bb5+ Bd7 4. Bxd7+ Nxd7 5. O-O Ngf6 6. Qe2 e6 7. b3 Be7 8.
Bb2 O-O 9. c4 Rc8 10. d4 cxd4 11. Nxd4 a6 12. Nc3 Qa5 13. Rfd1 Rfe8 14. Rac1
Ne5 15. Kh1 Nc6 16. Nc2 b5 17. cxb5 axb5 18. f3 b4 19. Na4 d5 20. exd5 Nxd5 21.
Ne3 Bg5 22. Rc5 Qd8 23. Nxd5 exd5 24. Qb5 Ne7 25. Qxb4 Rxc5 26. Nxc5 Nf5 27.
Ne4 Bh6 28. Qb5 Ne3 29. Rd3 Qe7 30. Ng3 Bf4 31. Bd4 Nc2 32. Bg1 Bxg3 33. hxg3
d4 34. Bxd4 Qe6 35. Qg5 f6 36. Qc5 Rc8 37. Qb5 f5 38. Qb6 Rc6 39. Qd8+ Kf7 40.
Bf2 Kg6 41. Qd7 Qf6 42. g4 Nb4 43. Qe8+ 1-0

[Event "Oberliga Ost A 2016 2017"]
[Site "Germany"]
[Date "2017.03.19"]
[Round "8.3"]
[White "Jurasek, Miroslav"]
[Black "Hartge, Gedeon"]
[Result "1-0"]
[WhiteElo "2320"]
[BlackElo "2089"]
[PlyCount "85"]
[EventDate "2016.10.16"]
[EventType "team-tourn"]
[EventCountry "GER"]
[WhiteTeam "Aue ESV Nickelhuette II"]
[BlackTeam "Halle USV"]
[WhiteTeamCountry "GER"]
[BlackTeamCountry "GER"]

1. c4 c5 2. g3 Nf6 3. Bg2 d5 4. cxd5 Nxd5 5. Nc3 Nc7 6. a3 a5 7. b3 e5 8. Bb2
Be7 9. e3 O-O 10. Nge2 Ra6 11. f4 Nd7 12. O-O f5 13. Qc2 Rd6 14. Rad1 b6 15.
fxe5 Nxe5 16. Nb5 Nxb5 17. Bxe5 Nxa3 18. Qb2 Re6 19. Nf4 Rxe5 20. Qxe5 Bf6 21.
Qd5+ Kh8 22. d4 cxd4 23. Qxd8 Bxd8 24. exd4 g5 25. Nd5 Be6 26. Rfe1 Bg8 27. Re5
Nb5 28. Rd3 Nd6 29. Rc3 b5 30. Rc6 Ne4 31. g4 Nd2 32. Rxf5 Re8 33. Rc8 Kg7 34.
Nc7 Bxc7 35. Rxe8 Bf4 36. Rxb5 Bxb3 37. Rxa5 Bd1 38. Ra7+ Kf6 39. h3 h5 40.
Ra6+ Kf7 41. Re1 Bf3 42. gxh5 Bxh5 43. Kf2 1-0

[Event "Oberliga Ost A 2016 2017"]
[Site "Germany"]
[Date "2017.03.19"]
[Round "8.4"]
[White "Reipsch, Jens"]
[Black "Haessler, Wolfgang"]
[Result "1-0"]
[WhiteElo "2222"]
[BlackElo "2211"]
[PlyCount "61"]
[EventDate "2016.10.16"]
[EventType "team-tourn"]
[EventCountry "GER"]
[WhiteTeam "Halle USV"]
[BlackTeam "Aue ESV Nickelhuette II"]
[WhiteTeamCountry "GER"]
[BlackTeamCountry "GER"]

1. e4 d5 2. exd5 Qxd5 3. d4 Nc6 4. Be3 e5 5. Nc3 Bb4 6. Qd2 Bxc3 7. bxc3 Nf6 8.
c4 Qd6 9. d5 Ne7 10. f3 c6 11. Rd1 O-O 12. Qa5 b6 13. c5 bxa5 14. cxd6 Nexd5
15. Bd2 Rb8 16. a3 Rb2 17. Bd3 Nf4 18. Bxf4 exf4 19. Ne2 Nd5 20. Kf2 Bd7 21.
Rb1 Rfb8 22. Rxb2 Rxb2 23. Rc1 c5 24. Be4 Nb6 25. Nxf4 Nc4 26. Nd3 Rb6 27. Nxc5
Rxd6 28. Rb1 g6 29. Bd3 Ne5 30. Rb8+ Kg7 31. Rd8 1-0

[Event "Oberliga Ost A 2016 2017"]
[Site "Germany"]
[Date "2017.03.19"]
[Round "8.5"]
[White "Heinz, Juergen"]
[Black "Altstadt, Karl Simon"]
[Result "1/2-1/2"]
[WhiteElo "2220"]
[BlackElo "2002"]
[PlyCount "36"]
[EventDate "2016.10.16"]
[EventType "team-tourn"]
[EventCountry "GER"]
[WhiteTeam "Aue ESV Nickelhuette II"]
[BlackTeam "Halle USV"]
[WhiteTeamCountry "GER"]
[BlackTeamCountry "GER"]

1. c4 c5 2. Nf3 Nf6 3. Nc3 d5 4. cxd5 Nxd5 5. e4 Nxc3 6. bxc3 g6 7. Bc4 Bg7 8.
O-O O-O 9. h3 Nc6 10. a4 Qa5 11. Qc2 Bd7 12. Ra3 Rac8 13. d3 a6 14. Bb2 Qc7 15.
Rfa1 Ne5 16. Nxe5 Qxe5 17. Rb3 Bc6 18. Bc1 Kh8 1/2-1/2

[Event "Oberliga Ost A 2016 2017"]
[Site "Germany"]
[Date "2017.03.19"]
[Round "8.6"]
[White "Groebel, Aaron"]
[Black "Floeter, Frank"]
[Result "1-0"]
[WhiteElo "1926"]
[BlackElo "2124"]
[PlyCount "61"]
[EventDate "2016.10.16"]
[EventType "team-tourn"]
[EventCountry "GER"]
[WhiteTeam "Halle USV"]
[BlackTeam "Aue ESV Nickelhuette II"]
[WhiteTeamCountry "GER"]
[BlackTeamCountry "GER"]

1. e4 Nf6 2. Nc3 d5 3. exd5 Nxd5 4. Nf3 Bg4 5. h3 Bh5 6. Ne4 e6 7. c3 Bg6 8.
Ng3 Nd7 9. d4 Bd6 10. Bd3 O-O 11. O-O c5 12. Bxg6 hxg6 13. Ne4 Be7 14. Be3 f5
15. Nxc5 Nxc5 16. dxc5 Nxe3 17. fxe3 Bxc5 18. Kh1 Bxe3 19. Re1 f4 20. Qc2 Qf6
21. Rad1 g5 22. Nh2 Rad8 23. Ng4 Qf5 24. Qb3 Kh7 25. Qxb7 Rxd1 26. Rxd1 Qc2 27.
Qf3 Rb8 28. Ne5 Qf5 29. Qh5+ Kg8 30. Ng6 f3 31. Ne7+ 1-0

[Event "Oberliga Ost A 2016 2017"]
[Site "Germany"]
[Date "2017.03.19"]
[Round "8.7"]
[White "Heinz, Thomas"]
[Black "Hartwig, Maik"]
[Result "0-1"]
[WhiteElo "2144"]
[BlackElo "2088"]
[PlyCount "60"]
[EventDate "2016.10.16"]
[EventType "team-tourn"]
[EventCountry "GER"]
[WhiteTeam "Aue ESV Nickelhuette II"]
[BlackTeam "Halle USV"]
[WhiteTeamCountry "GER"]
[BlackTeamCountry "GER"]

1. e4 g6 2. d4 Bg7 3. Nc3 d6 4. Be3 Nf6 5. f3 c6 6. Bc4 b5 7. Bb3 b4 8. Nce2
O-O 9. g4 a5 10. a3 Bb7 11. Qd2 a4 12. Qxb4 Qa5 13. Bxa4 Qxa4 14. Qxb7 Nbd7 15.
Qb3 Qa6 16. Kf2 c5 17. c3 Rfc8 18. Nh3 cxd4 19. Bxd4 Rab8 20. Qc2 e5 21. Be3 d5
22. g5 d4 23. Bxd4 exd4 24. gxf6 Bxf6 25. Rhd1 Nc5 26. Nxd4 Bxd4+ 27. Rxd4 Nb3
28. Rad1 Nxd4 29. Rxd4 Qb6 30. b4 Qxd4+ 0-1

[Event "Oberliga Ost A 2016 2017"]
[Site "Germany"]
[Date "2017.03.19"]
[Round "8.8"]
[White "Hentzgen, Thomas"]
[Black "Poessel, Christian"]
[Result "1/2-1/2"]
[WhiteElo "2061"]
[BlackElo "2004"]
[PlyCount "117"]
[EventDate "2016.10.16"]
[EventType "team-tourn"]
[EventCountry "GER"]
[WhiteTeam "Halle USV"]
[BlackTeam "Aue ESV Nickelhuette II"]
[WhiteTeamCountry "GER"]
[BlackTeamCountry "GER"]

1. c4 Nf6 2. g3 c6 3. Bg2 d5 4. d4 Bf5 5. Nf3 e6 6. O-O Be7 7. Nc3 h6 8. Qb3
Qb6 9. c5 Qxb3 10. axb3 Nbd7 11. b4 Ne4 12. Nd2 Nxd2 13. Bxd2 Bf6 14. Be3 O-O
15. Rfd1 a6 16. Bf4 g5 17. Bd6 Rfe8 18. e4 dxe4 19. Nxe4 Bxe4 20. Bxe4 Bg7 21.
Bg2 Nf6 22. Be5 Rad8 23. Kf1 Nd5 24. Bxg7 Kxg7 25. b5 axb5 26. Ra7 Re7 27. Rd2
Kf6 28. Ke2 Nb4 29. h3 e5 30. dxe5+ Rxe5+ 31. Kd1 Rxd2+ 32. Kxd2 Rxc5 33. Be4
Ke5 34. Bb1 Rd5+ 35. Kc3 Rd4 36. Rxb7 Nd5+ 37. Kb3 Kf6 38. Bh7 Rd2 39. Be4 Rxf2
40. Bxd5 cxd5 41. Rxb5 Rf3+ 42. Kc2 Ke5 43. Rb6 Rxg3 44. Rxh6 f5 45. b4 Ra3 46.
h4 g4 47. h5 d4 48. Rg6 d3+ 49. Kd2 Kd4 50. Rd6+ Kc4 51. Rc6+ Kxb4 52. h6 Ra7
53. Kxd3 Rf7 54. Rg6 Kc5 55. Rg7 Rf6 56. h7 Rh6 57. Ke3 Kd5 58. Kf4 Rh5 59. Rg5
1/2-1/2

[Event "Oberliga Ost A 2016 2017"]
[Site "Germany"]
[Date "2017.03.19"]
[Round "8.1"]
[White "Langrock, Hannes"]
[Black "Mueller, Richard"]
[Result "1/2-1/2"]
[WhiteElo "2405"]
[BlackElo "2170"]
[PlyCount "106"]
[EventDate "2016.10.16"]
[EventType "team-tourn"]
[EventCountry "GER"]
[WhiteTeam "Leipzig SG"]
[BlackTeam "Coswig TuS"]
[WhiteTeamCountry "GER"]
[BlackTeamCountry "GER"]

1. d4 Nf6 2. c4 g6 3. g3 d5 4. cxd5 Nxd5 5. Bg2 Bg7 6. e4 Nb6 7. Ne2 O-O 8. O-O
Nc6 9. d5 Na5 10. Nbc3 c6 11. b3 cxd5 12. exd5 Bg4 13. f3 Bf5 14. Ba3 Nc8 15.
Bc5 Nd6 16. Qd2 Rc8 17. Bd4 Bxd4+ 18. Qxd4 b6 19. Rac1 Nab7 20. Rfd1 Re8 21.
Qd2 Bd7 22. Nd4 Nf5 23. Nxf5 Bxf5 24. Nb5 a6 25. Na7 Rc5 26. b4 Rxc1 27. Qxc1
Qd6 28. Qc6 Rb8 29. a3 Bd7 30. Qxd6 Nxd6 31. Nc6 Bxc6 32. dxc6 Rc8 33. f4 Kf8
34. Kf2 Ke8 35. a4 Rc7 36. g4 f6 37. Rd3 Kf7 38. Bd5+ e6 39. Bg2 Ke7 40. Rh3
Kd8 41. Rd3 Ke7 42. Ke2 Nc4 43. Rd1 e5 44. Rc1 b5 45. fxe5 fxe5 46. axb5 axb5
47. Ra1 Ke6 48. Rd1 Nb6 49. Ra1 Nd5 50. Ra5 Nxb4 51. Rxb5 Nxc6 52. Ke3 Kd6 53.
Rd5+ Ke6 1/2-1/2

[Event "Oberliga Ost A 2016 2017"]
[Site "Germany"]
[Date "2017.03.19"]
[Round "8.2"]
[White "Schweitzer, Andreas"]
[Black "Richter, Leonard"]
[Result "1-0"]
[WhiteElo "2210"]
[BlackElo "2282"]
[PlyCount "67"]
[EventDate "2016.10.16"]
[EventType "team-tourn"]
[EventCountry "GER"]
[WhiteTeam "Coswig TuS"]
[BlackTeam "Leipzig SG"]
[WhiteTeamCountry "GER"]
[BlackTeamCountry "GER"]

1. e4 c5 2. Nf3 d6 3. d4 cxd4 4. Nxd4 Nf6 5. Nc3 a6 6. h3 e5 7. Nde2 h5 8. Bg5
Be7 9. Ng3 h4 10. Nf5 Bxf5 11. exf5 Nc6 12. Bc4 Nd4 13. Bxf6 Bxf6 14. Bd5 Qb6
15. Be4 Qxb2 16. Nd5 Bd8 17. O-O Qb5 18. Qg4 Kf8 19. c3 Nc6 20. Rab1 Qc5 21.
Rxb7 Na5 22. Rb4 Nc6 23. Rb7 Na5 24. Rb4 Nc6 25. Rb2 Rb8 26. Rfb1 Rxb2 27. Rxb2
Ba5 28. Rb3 Nd8 29. Qe2 Qc8 30. Ra3 Nc6 31. Qc4 Bd8 32. Rxa6 Ne7 33. Qxc8 Nxc8
34. Ra8 1-0

[Event "Oberliga Ost A 2016 2017"]
[Site "Germany"]
[Date "2017.03.19"]
[Round "8.3"]
[White "Schubert, Thomas"]
[Black "Escher, Thomas"]
[Result "1-0"]
[WhiteElo "2362"]
[BlackElo "2181"]
[PlyCount "43"]
[EventDate "2016.10.16"]
[EventType "team-tourn"]
[EventCountry "GER"]
[WhiteTeam "Leipzig SG"]
[BlackTeam "Coswig TuS"]
[WhiteTeamCountry "GER"]
[BlackTeamCountry "GER"]

1. Nf3 Nc6 2. c4 e5 3. Nc3 f5 4. d4 e4 5. Ng5 Bb4 6. Nh3 Nf6 7. e3 Bxc3+ 8.
bxc3 d6 9. Be2 O-O 10. O-O Qe8 11. c5 dxc5 12. Ba3 Nd7 13. Nf4 Qf7 14. f3 g5
15. Nh3 Qe7 16. fxe4 Qxe4 17. Bc4+ Kh8 18. Qh5 Qxe3+ 19. Kh1 Nf6 20. Qh6 Bd7
21. Nxg5 Rae8 22. Bxc5 1-0

[Event "Oberliga Ost A 2016 2017"]
[Site "Germany"]
[Date "2017.03.19"]
[Round "8.4"]
[White "Klawa, Patrick"]
[Black "Boehnisch, Manfred"]
[Result "1/2-1/2"]
[WhiteElo "2187"]
[BlackElo "2302"]
[PlyCount "118"]
[EventDate "2016.10.16"]
[EventType "team-tourn"]
[EventCountry "GER"]
[WhiteTeam "Coswig TuS"]
[BlackTeam "Leipzig SG"]
[WhiteTeamCountry "GER"]
[BlackTeamCountry "GER"]

1. e4 c6 2. d4 d5 3. exd5 cxd5 4. Bd3 Nc6 5. c3 g6 6. Nf3 Bg7 7. O-O Nh6 8. Re1
O-O 9. h3 f6 10. c4 Nf7 11. Nc3 dxc4 12. Bxc4 Kh8 13. Bxf7 Rxf7 14. d5 Ne5 15.
Nd4 a6 16. a4 Qd6 17. b3 g5 18. Ba3 Qb6 19. Ne4 Ng6 20. Rc1 Nf4 21. Rc5 Qd8 22.
Qf3 h6 23. Nc3 f5 24. Ne6 Bxe6 25. dxe6 Rf6 26. Qxb7 Rxe6 27. Rxe6 Nxe6 28. Rd5
Qg8 29. Ne2 Rb8 30. Qxe7 Re8 31. Qb7 Nd8 32. Qa8 Ne6 33. Qb7 Nd8 34. Qa8 Ne6
35. Qa7 Nd8 36. Rd2 Qxb3 37. Qd7 Qb1+ 38. Rd1 Qe4 39. Ng3 Qc6 40. Qxc6 Nxc6 41.
Nxf5 Ne5 42. Rd5 Nc4 43. Bc5 Re1+ 44. Kh2 Be5+ 45. g3 Kh7 46. Ne3 Nxe3 47. Bxe3
Bc3 48. a5 Ra1 49. Bb6 Kg6 50. Kg2 Bb4 51. g4 Ra2 52. Rf5 Ra4 53. Bd8 Bc3 54.
Kf3 Bd4 55. Rd5 Kf7 56. Bc7 Ke7 57. Rf5 Ke6 58. Ke2 Ra2+ 59. Kf1 Rc2 1/2-1/2

[Event "Oberliga Ost A 2016 2017"]
[Site "Germany"]
[Date "2017.03.19"]
[Round "8.5"]
[White "Rausch, Stephan"]
[Black "Hofmann, Rares"]
[Result "0-1"]
[WhiteElo "2277"]
[BlackElo "2081"]
[PlyCount "90"]
[EventDate "2016.10.16"]
[EventType "team-tourn"]
[EventCountry "GER"]
[WhiteTeam "Leipzig SG"]
[BlackTeam "Coswig TuS"]
[WhiteTeamCountry "GER"]
[BlackTeamCountry "GER"]

1. d4 d5 2. Nf3 Nf6 3. c3 c5 4. e3 Nc6 5. dxc5 e5 6. b4 e4 7. Nd4 Ne5 8. h3 Be7
9. Nd2 O-O 10. Bb2 b6 11. cxb6 Qxb6 12. a4 Ne8 13. Qb3 Nc7 14. b5 Qg6 15. c4
Bb7 16. g3 Ne6 17. Nxe6 Qxe6 18. Bd4 Rac8 19. Qb2 Nd3+ 20. Bxd3 exd3 21. c5
Bxc5 22. O-O Qxh3 23. Rfc1 Bd6 24. Nf1 Rc4 25. Qd2 Re8 26. Qxd3 h5 27. Qd1 Be5
28. Qf3 Bxd4 29. exd4 Qd7 30. Rd1 h4 31. Ne3 hxg3 32. Nxc4 gxf2+ 33. Kxf2 dxc4
34. d5 Re5 35. Rd4 Bxd5 36. Qg4 Rf5+ 37. Rf4 Rxf4+ 38. Qxf4 Qh3 39. Rd1 Qg2+
40. Ke3 c3 41. Kd3 Bb3 42. Re1 Qc2+ 43. Ke3 Qd2+ 44. Kf3 Qxe1 45. Qb8+ Kh7 0-1

[Event "Oberliga Ost A 2016 2017"]
[Site "Germany"]
[Date "2017.03.19"]
[Round "8.6"]
[White "Poenisch, Eckehard"]
[Black "Kreyssig, Bruno"]
[Result "1-0"]
[WhiteElo "2166"]
[BlackElo "2131"]
[PlyCount "47"]
[EventDate "2016.10.16"]
[EventType "team-tourn"]
[EventCountry "GER"]
[WhiteTeam "Coswig TuS"]
[BlackTeam "Leipzig SG"]
[WhiteTeamCountry "GER"]
[BlackTeamCountry "GER"]

1. e4 c5 2. c3 g6 3. f4 d5 4. e5 Nc6 5. Nf3 Bg4 6. h3 Bxf3 7. Qxf3 f6 8. Bb5
Bg7 9. O-O fxe5 10. f5 Nh6 11. fxg6 hxg6 12. c4 e6 13. Qg3 g5 14. cxd5 exd5 15.
d4 cxd4 16. Bxg5 Qd6 17. Nd2 Rf8 18. Rxf8+ Kxf8 19. Rf1+ Kg8 20. Rf6 Bxf6 21.
Bxf6+ Kf7 22. Qg7+ Ke6 23. Qxh6 Re8 24. Bxe5+ 1-0

[Event "Oberliga Ost A 2016 2017"]
[Site "Germany"]
[Date "2017.03.19"]
[Round "8.7"]
[White "Hoffmann, Hendrik"]
[Black "Poenisch, Johannes"]
[Result "1-0"]
[WhiteElo "2298"]
[BlackElo "1988"]
[PlyCount "111"]
[EventDate "2016.10.16"]
[EventType "team-tourn"]
[EventCountry "GER"]
[WhiteTeam "Leipzig SG"]
[BlackTeam "Coswig TuS"]
[WhiteTeamCountry "GER"]
[BlackTeamCountry "GER"]

1. e4 c5 2. Nf3 e6 3. d4 cxd4 4. Nxd4 Nf6 5. Nc3 Nc6 6. Nb3 Bb4 7. Bd3 d5 8.
exd5 Nxd5 9. Bd2 O-O 10. O-O Be7 11. Nxd5 Qxd5 12. Qe2 Bf6 13. Be4 Qd6 14. Rad1
Qe7 15. Be3 Rd8 16. c3 Qc7 17. Rxd8+ Nxd8 18. Rd1 Bd7 19. Bxh7+ Kf8 20. Be4 Bc6
21. Qh5 g6 22. Qf3 Bg7 23. Bxc6 Nxc6 24. Nc5 Qc8 25. Qf4 b6 26. Rd7 Qe8 27.
Qd6+ Kg8 28. Qxc6 bxc5 29. Rc7 Qxc6 30. Rxc6 Rb8 31. b3 Rd8 32. g3 Bxc3 33.
Bxc5 a5 34. Bb6 Rd3 35. Rc8+ Kh7 36. Kg2 Bb4 37. Rd8 Rxd8 38. Bxd8 Kg7 39. Kf3
f5 40. Ke2 Kf7 41. Kd3 Ke8 42. Bf6 Kd7 43. Be5 Kc6 44. Kc4 Be1 45. f3 Bf2 46.
Bd4 Be1 47. Bc3 Bf2 48. Bxa5 Bg1 49. h3 Bf2 50. g4 e5 51. gxf5 gxf5 52. Bc3 e4
53. fxe4 fxe4 54. Bd4 e3 55. Kd3 e2 56. Bxf2 1-0

[Event "Oberliga Ost A 2016 2017"]
[Site "Germany"]
[Date "2017.03.19"]
[Round "8.8"]
[White "Merker, Matthias"]
[Black "Heistermann, Till"]
[Result "1/2-1/2"]
[WhiteElo "2134"]
[BlackElo "2109"]
[PlyCount "87"]
[EventDate "2016.10.16"]
[EventType "team-tourn"]
[EventCountry "GER"]
[WhiteTeam "Coswig TuS"]
[BlackTeam "Leipzig SG"]
[WhiteTeamCountry "GER"]
[BlackTeamCountry "GER"]

1. d4 d6 2. c4 e5 3. Nf3 e4 4. Ng5 f5 5. g3 Be7 6. h4 Nf6 7. Nh3 O-O 8. Nf4 c6
9. Nc3 Na6 10. e3 Nc7 11. b3 Bd7 12. a4 a5 13. Ba3 Ne6 14. Nce2 Qc7 15. Nxe6
Bxe6 16. Nf4 Bd7 17. Rc1 Rae8 18. Be2 Ng4 19. Qc2 Bf6 20. Nh5 Be7 21. Nf4 Bf6
22. Nh5 Bd8 23. Nf4 Bc8 24. Bb2 Qf7 25. Bc3 Nf6 26. Qd2 Qc7 27. Bb2 Bd7 28. Ba3
Be7 29. O-O Ng4 30. Rfd1 Rf6 31. d5 c5 32. Bb2 Rh6 33. Kg2 Qd8 34. Rh1 Ne5 35.
Rcd1 Bf6 36. Bc3 b6 37. Qb2 g6 38. Rh3 Qe7 39. Qa1 Qg7 40. Rhh1 Qe7 41. Qc1 Kf7
42. Qd2 Rc8 43. Qc2 Rg8 44. Ba1 1/2-1/2

[Event "Oberliga Ost A 2016 2017"]
[Site "Germany"]
[Date "2017.03.19"]
[Round "8.1"]
[White "Tuma, Jakub"]
[Black "Zwahr, Paul"]
[Result "0-1"]
[WhiteElo "2261"]
[BlackElo "2318"]
[PlyCount "64"]
[EventDate "2016.10.16"]
[EventType "team-tourn"]
[EventCountry "GER"]
[WhiteTeam "Magdeburg SV Rochade"]
[BlackTeam "Dresden SG Gruen Weiss"]
[WhiteTeamCountry "GER"]
[BlackTeamCountry "GER"]

1. e4 e5 2. Nf3 Nc6 3. Bc4 Bc5 4. b4 Bxb4 5. c3 Ba5 6. d4 exd4 7. O-O Nge7 8.
Ng5 d5 9. exd5 Ne5 10. Bb3 O-O 11. Qxd4 N7g6 12. c4 c5 13. Qd1 Qf6 14. Ne4 Nf3+
15. Qxf3 Qxa1 16. Be3 f5 17. Nxc5 f4 18. Bd2 Bxd2 19. Nxd2 Qd4 20. Nce4 Bf5 21.
Qc3 Qxc3 22. Nxc3 b6 23. Ba4 Rac8 24. Re1 Rfd8 25. Bb5 Bd7 26. Ba6 Rc5 27. Nb3
Rc7 28. Nd4 b5 29. Ncxb5 Rxc4 30. Bb7 a6 31. Bxa6 Rb8 32. Rd1 Rb6 0-1

[Event "Oberliga Ost A 2016 2017"]
[Site "Germany"]
[Date "2017.03.19"]
[Round "8.2"]
[White "Siedentopf, Daniel"]
[Black "Jaeger, Dominik"]
[Result "0-1"]
[WhiteElo "2292"]
[BlackElo "2280"]
[PlyCount "82"]
[EventDate "2016.10.16"]
[EventType "team-tourn"]
[EventCountry "GER"]
[WhiteTeam "Dresden SG Gruen Weiss"]
[BlackTeam "Magdeburg SV Rochade"]
[WhiteTeamCountry "GER"]
[BlackTeamCountry "GER"]

1. d4 Nf6 2. c4 e6 3. Nc3 Bb4 4. e3 O-O 5. Nge2 Re8 6. a3 Bf8 7. e4 d6 8. h3 b6
9. g4 Bb7 10. Ng3 c5 11. d5 Na6 12. Be3 Nc7 13. a4 a6 14. Be2 exd5 15. exd5 b5
16. b3 b4 17. Nb1 Nfxd5 18. cxd5 Nxd5 19. Bd2 Qh4 20. Rg1 Qxh3 21. Nf1 Qh4 22.
Ra2 g6 23. Qc1 Bg7 24. Bg5 Qh3 25. Ne3 h6 26. Nxd5 Bxd5 27. Be3 Bxb3 28. Rd2
Qh2 29. Kf1 Bxa4 30. Rg2 Qh1+ 31. Rg1 Qh2 32. Rg2 Qh3 33. Kg1 Be5 34. Bf1 Bc6
35. Qc4 a5 36. Rd3 Qh4 37. Nd2 a4 38. Rd5 a3 39. Rxe5 Rxe5 40. Rh2 Qxh2+ 41.
Kxh2 a2 0-1

[Event "Oberliga Ost A 2016 2017"]
[Site "Germany"]
[Date "2017.03.19"]
[Round "8.3"]
[White "Niering, Martin"]
[Black "Rudolf, Sebastian"]
[Result "1-0"]
[WhiteElo "2226"]
[BlackElo "2270"]
[PlyCount "129"]
[EventDate "2016.10.16"]
[EventType "team-tourn"]
[EventCountry "GER"]
[WhiteTeam "Magdeburg SV Rochade"]
[BlackTeam "Dresden SG Gruen Weiss"]
[WhiteTeamCountry "GER"]
[BlackTeamCountry "GER"]

1. e4 c6 2. d4 d5 3. exd5 cxd5 4. c4 Nf6 5. Nc3 g6 6. Qb3 Bg7 7. cxd5 O-O 8. g3
e6 9. Bg2 Nxd5 10. Nge2 Nc6 11. O-O Nxc3 12. bxc3 Na5 13. Qc2 Bd7 14. Rb1 Rc8
15. Be3 b6 16. Rfd1 Bc6 17. Bxc6 Rxc6 18. Rb5 Nc4 19. Bc1 Nd6 20. Rb1 Qc8 21.
Ba3 Rd8 22. Bxd6 Rdxd6 23. Qa4 Rd7 24. Rd3 Rc4 25. Qd1 Qc6 26. Qd2 h5 27. h4
Kh7 28. Qe3 Ra4 29. Rb2 Qc4 30. Rdd2 Bh6 31. f4 Qd5 32. Nc1 Rc7 33. Rbc2 Rac4
34. Ne2 Bg7 35. Kh2 b5 36. Qd3 Qc6 37. Rb2 Qd5 38. Rb3 a6 39. Qe3 Ra4 40. Rbb2
Ra3 41. Qf2 Rc6 42. Qg2 Bf6 43. Qxd5 exd5 44. Kg2 Bd8 45. Rb3 Ra4 46. Kf3 Ba5
47. Ke3 Kg7 48. Kd3 Kf6 49. Ke3 Kf5 50. Kf3 f6 51. a3 Bc7 52. Ra2 Bd6 53. Ra1
Rcc4 54. Nc1 b4 55. cxb4 Bxb4 56. Ne2 Bd6 57. Ra2 Ra5 58. Rb6 Bxa3 59. g4+
hxg4+ 60. Ke3 g3 61. Kf3 g5 62. fxg5 Kg6 63. Nf4+ Kg7 64. Rb7+ Kg8 65. gxf6 1-0

[Event "Oberliga Ost A 2016 2017"]
[Site "Germany"]
[Date "2017.03.19"]
[Round "8.4"]
[White "Zimmermann, Rene"]
[Black "Waechter, Nathalie"]
[Result "1/2-1/2"]
[WhiteElo "2140"]
[BlackElo "1974"]
[PlyCount "154"]
[EventDate "2016.10.16"]
[EventType "team-tourn"]
[EventCountry "GER"]
[WhiteTeam "Dresden SG Gruen Weiss"]
[BlackTeam "Magdeburg SV Rochade"]
[WhiteTeamCountry "GER"]
[BlackTeamCountry "GER"]

1. d4 d5 2. Nf3 Nf6 3. g3 e6 4. Bg2 Be7 5. O-O Nbd7 6. c4 O-O 7. Qc2 c5 8. Rd1
Qb6 9. cxd5 Nxd5 10. Nc3 Nb4 11. Qb1 Nf6 12. Na4 Qb5 13. Nc3 Qa6 14. e4 cxd4
15. Nxd4 e5 16. Ndb5 Qc6 17. Bg5 a6 18. Bxf6 Bxf6 19. Nd6 Bg4 20. f3 Qb6+ 21.
Kh1 Be6 22. a3 Bb3 23. Rd2 Nc2 24. Qg1 Qxg1+ 25. Rxg1 Bg5 26. Rd3 Rfd8 27. Nd5
Bxd5 28. Rxd5 Be3 29. Rb1 Bd4 30. Nf5 g6 31. Nxd4 exd4 32. Rd1 Ne3 33. Rxd8+
Rxd8 34. Rd2 Nc4 35. Rd3 Nxb2 36. Rd2 Nc4 37. Rd3 Ne5 38. Rd1 d3 39. Kg1 d2 40.
Kf2 Nd3+ 41. Ke2 Nc1+ 42. Kf2 Rd4 43. Bf1 Nb3 44. Be2 b5 45. Ke3 Ra4 46. Kd3
Rxa3 47. Kc3 Nc1+ 48. Kxd2 Nxe2 49. Kxe2 Rc3 50. Ra1 Rc6 51. Kd3 Kf8 52. f4 Ke7
53. g4 f6 54. h4 h6 55. Rb1 g5 56. hxg5 hxg5 57. fxg5 fxg5 58. Rh1 Rf6 59. Rh5
Rd6+ 60. Kc3 Kf6 61. e5+ Kxe5 62. Rxg5+ Ke4 63. Rg8 a5 64. Ra8 a4 65. Kb4 Rd5
66. Rf8 Rg5 67. Rf1 Kd3 68. Rf3+ Kd4 69. Rf4+ Ke5 70. Rf3 Ke6 71. Rf1 Re5 72.
Rf2 Kd6 73. Rf6+ Re6 74. Rf5 Re4+ 75. Kxb5 a3 76. Rf6+ Re6 77. Rf2 Re4 1/2-1/2

[Event "Oberliga Ost A 2016 2017"]
[Site "Germany"]
[Date "2017.03.19"]
[Round "8.5"]
[White "Horvath, Julia"]
[Black "Wappler, Markus"]
[Result "1/2-1/2"]
[WhiteElo "2161"]
[BlackElo "2213"]
[PlyCount "110"]
[EventDate "2016.10.16"]
[EventType "team-tourn"]
[EventCountry "GER"]
[WhiteTeam "Magdeburg SV Rochade"]
[BlackTeam "Dresden SG Gruen Weiss"]
[WhiteTeamCountry "GER"]
[BlackTeamCountry "GER"]

1. d4 d6 2. e4 Nf6 3. Nc3 e5 4. Nf3 Nbd7 5. Bc4 Be7 6. h3 O-O 7. Be3 c6 8. O-O
b5 9. Bd3 Bb7 10. a3 Qc7 11. Re1 a6 12. Bg5 h6 13. Bh4 Rfe8 14. Bg3 Nh7 15. Bf1
Rad8 16. Qd2 Bf6 17. Rad1 Ndf8 18. dxe5 dxe5 19. Qe3 Ne6 20. Rxd8 Rxd8 21. Rd1
Rxd1 22. Nxd1 Bc8 23. Qc3 Nf4 24. Ne3 Ng5 25. Nxg5 hxg5 26. Qd2 Qd8 27. Qxd8+
Bxd8 28. f3 Bb6 29. Bf2 Kf8 30. Nd1 Bxf2+ 31. Kxf2 Ke7 32. g3 Nh5 33. Ne3 g6
34. c4 Ng7 35. cxb5 axb5 36. Nc2 Ne6 37. Ke3 Kd6 38. b4 f5 39. Kd3 f4 40. g4
Nc7 41. Kc3 Na8 42. Ne1 Be6 43. Be2 Nb6 44. Ng2 Ke7 45. Bd3 Bf7 46. Be2 Nd7 47.
Ne1 Nb6 48. Ng2 Kd6 49. Bd3 Na8 50. Ne1 Nc7 51. Be2 Ne6 52. Nc2 Be8 53. Bd1 Bd7
54. Be2 Be8 55. Bd1 Bd7 1/2-1/2

[Event "Oberliga Ost A 2016 2017"]
[Site "Germany"]
[Date "2017.03.19"]
[Round "8.6"]
[White "Kunze, Christopher"]
[Black "Pesztericz, Laszlo"]
[Result "1/2-1/2"]
[WhiteElo "2085"]
[BlackElo "2106"]
[PlyCount "33"]
[EventDate "2016.10.16"]
[EventType "team-tourn"]
[EventCountry "GER"]
[WhiteTeam "Dresden SG Gruen Weiss"]
[BlackTeam "Magdeburg SV Rochade"]
[WhiteTeamCountry "GER"]
[BlackTeamCountry "GER"]

1. e4 e5 2. Nc3 Nf6 3. Bc4 Bc5 4. d3 d6 5. f4 O-O 6. Na4 Bxg1 7. Rxg1 c6 8. Nc3
d5 9. Bb3 dxe4 10. fxe5 Ng4 11. Bf4 exd3 12. Qxd3 Qxd3 13. cxd3 Be6 14. Bc2 Nd7
15. d4 f6 16. exf6 Ngxf6 17. O-O-O 1/2-1/2

[Event "Oberliga Ost A 2016 2017"]
[Site "Germany"]
[Date "2017.03.19"]
[Round "8.7"]
[White "Kuna, Ralf Michael"]
[Black "Butscher, Daniel"]
[Result "0-1"]
[WhiteElo "2112"]
[BlackElo "2035"]
[PlyCount "76"]
[EventDate "2016.10.16"]
[EventType "team-tourn"]
[EventCountry "GER"]
[WhiteTeam "Magdeburg SV Rochade"]
[BlackTeam "Dresden SG Gruen Weiss"]
[WhiteTeamCountry "GER"]
[BlackTeamCountry "GER"]

1. e4 c5 2. Nf3 d6 3. d4 cxd4 4. Nxd4 Nf6 5. f3 e5 6. Bb5+ Nbd7 7. Nf5 d5 8.
exd5 a6 9. Bxd7+ Bxd7 10. Ne3 Bc5 11. Nc3 O-O 12. O-O Nh5 13. Ne4 Ba7 14. Nf2
Rc8 15. Neg4 Bxg4 16. fxg4 Nf6 17. Bg5 Qxd5 18. Bxf6 Qxd1 19. Rfxd1 gxf6 20. c3
Rc4 21. h3 Rf4 22. Rd2 Rxf2 23. Rxf2 Rd8 24. Kf1 Bxf2 25. Kxf2 Rd2+ 26. Kf3
Rxb2 27. c4 Rc2 28. Rb1 Rc3+ 29. Kf2 Rxc4 30. Rxb7 Rc2+ 31. Kg3 Rxa2 32. Rb8+
Kg7 33. h4 Ra3+ 34. Kf2 a5 35. Ra8 h6 36. h5 a4 37. Ra6 Ra1 38. Ra8 a3 0-1